Datum a čas kvízu
29.5
Celkem bodů
Celkový počet nahraných bodů na tomto kvízu bez doplňovacích otázek.
4.
Pořadí na kvízu
Konečné umístění týmu na tomto kvízu.
Zaznamenané odpovědi
| # | Otázka | Odpověď | Body | Výsledky |
|---|---|---|---|---|
| 1. | V minulých dnech byl zveřejněn... | 1 | ||
| 2. | V severoitalské Pavii byl v mi... | 0 | ||
| 3. | Která naše televizní stanice o... | 1 | ||
| 4. | Švýcarská společnost Nestlé pr... | 1 | ||
| 5. | Trenér Pavel Hapal skončil na... | 1 | ||
| 5. | Halí, belí, koně v zelí a ___... | 1 | ||
| 7. | Rodičovský příspěvek navazuje... | 0 | ||
| 8. | Jedním z velkých výrobců potře... | 0 | ||
| 5. | Kolik je vývojových fází dětst... | 0 | ||
| 10. | Na závěr si dovolíme jeden osl... | 0 |